| Tag |
First Indicator |
Second Indicator |
Subfields |
| LEADER |
00000cam a2200000 i 4500 |
| 001 |
in00000045032 |
| 005 |
20160106094639.0 |
| 008 |
790702s1978 enka b 00110 eng |
| 010 |
|
|
|a 77071810
|
| 015 |
|
|
|a GB***
|
| 020 |
|
|
|a 0121242501
|
| 035 |
|
|
|a (OCoLC)05221247
|
| 035 |
|
|
|9 AAE1467AM
|
| 040 |
|
|
|a DLC
|c DLC
|d TXA
|d UtOrBLW
|
| 049 |
|
|
|a TXAM
|c [979237]
|
| 050 |
0 |
0 |
|a QD412.O1
|b .B7
|
| 082 |
0 |
|
|a 546/.3
|
| 100 |
1 |
|
|a Bradley, D. C.
|
| 245 |
1 |
0 |
|a Metal alkoxides /
|c D. C. Bradley, R. C. Mehrotra, and D. P. Gaur.
|
| 264 |
|
1 |
|a London ;
|a New York :
|b Academic Press,
|c 1978.
|
| 300 |
|
|
|a viii, 411 pages :
|b illustrations ;
|c 24 cm.
|
| 336 |
|
|
|a text
|b txt
|2 rdacontent
|
| 337 |
|
|
|a unmediated
|b n
|2 rdamedia
|
| 338 |
|
|
|a volume
|b nc
|2 rdacarrier
|
| 504 |
|
|
|a Includes bibliographical references and indexes.
|
| 650 |
|
0 |
|a Alkoxides.
|
| 700 |
1 |
|
|a Mehrotra, R. C.
|q (Ram Charan),
|d 1922-
|
| 700 |
1 |
|
|a Gaur, D. P.
|
| 999 |
|
|
|a MARS
|
| 999 |
f |
f |
|s a3065376-b7e8-3943-9787-dbf8bdbb106c
|i d2e30c52-d99f-37c6-8c38-8cd3ee729d5d
|t 0
|
| 952 |
f |
f |
|p ric
|a Texas A&M University
|b Rellis Campus
|c Joint Library Facility
|s JLF
|d Remote Storage
|t 0
|e QD412.O1 .B7
|h Library of Congress classification
|i unmediated -- volume
|m A14804705120
|
| 998 |
f |
f |
|a QD412.O1 .B7
|t 0
|l Remote Storage
|